| 000 | 00437cam a2200181 4500 | ||
|---|---|---|---|
| 001 | D2756 | ||
| 008 | 090401t1974 xxu||||| |||| 00| 0 eng d | ||
| 035 | _a(Sirsi) u70441 | ||
| 041 | _aeng | ||
| 050 | _a526.9 | ||
| 100 | _aCooper, M. A. R. | ||
| 245 | _aFundamentals of survey measurement and analysis | ||
| 260 |
_aLondon _bCrosby Lockwood Staples _c1974 |
||
| 300 | _a107p | ||
| 350 | _a3.95 | ||
| 942 | _n0 | ||
| 948 | _c04/03/1997 | ||
| 999 |
_c95326 _d95326 |
||